[Event "40. Open Ciudad de Sevilla 2015"]
[Site "Sevilla ESP"]
[Date "2015.01.30"]
[Round "7.6"]
[White "Naranjo Moreno, Antonio"]
[Black "Galego, Luis"]
[Result "0-1"]
[WhiteElo "2285"]
[BlackElo "2461"]
[PlyCount "74"]
[EventDate "2015.01.25"]
[EventType "swiss"]
[EventRounds "9"]
[EventCountry "ESP"]
[Source "lmi"]
[SourceDate "2015.01.25"]

1. e4 c5 2. Nf3 e6 3. d4 cxd4 4. Nxd4 a6 5. Bd3 Qb6 6. Nb3 Nc6 7. Be3 Qc7 8.
O-O Nf6 9. Nc3 d6 10. f4 Be7 11. Qf3 Bd7 12. Rae1 Nb4 13. e5 Nxd3 14. cxd3 Bc6
15. Qg3 Nh5 16. Qh3 g6 17. exd6 Qxd6 18. f5 O-O 19. g4 Nf6 20. g5 Nh5 21. f6
Bd8 22. Bc5 Qd7 23. Ne4 Bc7 24. Bxf8 Rxf8 25. d4 Qd5 26. Rf2 Rd8 27. Nbc5 Qxd4
28. a4 Qb4 29. Rc1 Bxe4 30. Nxe4 Bb6 31. Qf3 Qxb2 32. Re1 Qe5 33. h4 Bxf2+ 34.
Qxf2 Nf4 35. Nc5 Qf5 36. Kh2 Qh3+ 37. Kg1 Nd3 0-1

[Event "40. Open Ciudad de Sevilla 2015"]
[Site "Sevilla ESP"]
[Date "2015.01.30"]
[Round "7.7"]
[White "Starostits, Ilmars"]
[Black "Arroyo Rodriguez, Jesus"]
[Result "1-0"]
[WhiteElo "2441"]
[BlackElo "2040"]
[PlyCount "49"]
[EventDate "2015.01.25"]
[EventType "swiss"]
[EventRounds "9"]
[EventCountry "ESP"]
[Source "lmi"]
[SourceDate "2015.01.25"]

1. d4 Nf6 2. c4 d6 3. Nc3 e5 4. dxe5 dxe5 5. Qxd8+ Kxd8 6. Nf3 Nfd7 7. Ng5 Ke8
8. f4 Bb4 9. Bd2 exf4 10. Bxf4 Na6 11. Rc1 h6 12. Nge4 f5 13. b3 Ba5 14. Ng3
Bxc3+ 15. Rxc3 Nf6 16. b4 c6 17. e4 Nxe4 18. Re3 Kf7 19. Nxe4 fxe4 20. Be2 Bf5
21. O-O h5 22. Be5 g6 23. Bxh8 Rxh8 24. Rxe4 Re8 25. Rxf5+ 1-0

[Event "40. Open Ciudad de Sevilla 2015"]
[Site "Sevilla ESP"]
[Date "2015.01.30"]
[Round "7.8"]
[White "Granero Roca, Antonio"]
[Black "Lopez Rodriguez, Fernando"]
[Result "1-0"]
[WhiteElo "2404"]
[BlackElo "2117"]
[PlyCount "75"]
[EventDate "2015.01.25"]
[EventType "swiss"]
[EventRounds "9"]
[EventCountry "ESP"]
[Source "lmi"]
[SourceDate "2015.01.25"]

1. d4 d5 2. c4 e6 3. Nc3 c5 4. Nf3 Nc6 5. cxd5 exd5 6. g3 c4 7. Bg2 Bb4 8. O-O
Nge7 9. a3 Ba5 10. Bd2 O-O 11. b3 cxb3 12. Qxb3 Bb6 13. e3 Na5 14. Qa2 h6 15.
Ne5 Be6 16. Rfc1 f6 17. Nd3 Qd7 18. Nf4 Bf7 19. Ncxd5 Kh8 20. Nxb6 axb6 21. d5
Rfd8 22. e4 b5 23. Bb4 Nc4 24. Qe2 Ng6 25. Nxg6+ Bxg6 26. a4 Rdc8 27. h4 Qe8
28. Kh2 f5 29. f3 fxe4 30. fxe4 Ne5 31. Rxc8 Qxc8 32. Rf1 Qc4 33. Qxc4 bxc4 34.
a5 Ng4+ 35. Kg1 Ne3 36. Rf4 Rc8 37. Bh3 Re8 38. d6 1-0

[Event "40. Open Ciudad de Sevilla 2015"]
[Site "Sevilla ESP"]
[Date "2015.01.30"]
[Round "7.9"]
[White "Delgado Serrano, Angel"]
[Black "Gavilan Diaz, Mario"]
[Result "0-1"]
[WhiteElo "2119"]
[BlackElo "2250"]
[PlyCount "68"]
[EventDate "2015.01.25"]
[EventType "swiss"]
[EventRounds "9"]
[EventCountry "ESP"]
[Source "lmi"]
[SourceDate "2015.01.25"]

1. Nf3 Nf6 2. g3 g6 3. Bg2 Bg7 4. O-O O-O 5. d3 d6 6. e4 c5 7. Nbd2 Nc6 8. a4
Rb8 9. Nc4 a6 10. a5 Be6 11. Nfd2 d5 12. exd5 Bxd5 13. Nb3 Bxg2 14. Kxg2 Nd4
15. Nxd4 cxd4 16. Re1 Rc8 17. Bd2 Rc5 18. Qf3 Qd7 19. Re5 Rxe5 20. Nxe5 Qc7 21.
Nc4 Nd7 22. Ra4 Ne5 23. Qe4 Nc6 24. Bb4 Re8 25. Bc5 e5 26. f4 Re6 27. f5 gxf5
28. Qxf5 Ne7 29. Bxe7 Qc6+ 30. Qe4 Qxa4 31. Qxb7 Qxc2+ 32. Kg1 Qd1+ 33. Kg2
Qe2+ 34. Kg1 Bf8 0-1

[Event "40. Open Ciudad de Sevilla 2015"]
[Site "Sevilla ESP"]
[Date "2015.01.30"]
[Round "7.10"]
[White "Lopez Gonzalez, Daniel"]
[Black "Gavira Galocha, Antonio Jesus"]
[Result "1-0"]
[WhiteElo "2238"]
[BlackElo "2014"]
[PlyCount "71"]
[EventDate "2015.01.25"]
[EventType "swiss"]
[EventRounds "9"]
[EventCountry "ESP"]
[Source "lmi"]
[SourceDate "2015.01.25"]

1. c4 c5 2. Nf3 Nc6 3. d4 cxd4 4. Nxd4 g6 5. e4 Bg7 6. Nc2 Nf6 7. Nc3 d6 8. Be2
Be6 9. O-O O-O 10. Rb1 Rc8 11. Kh1 Qd7 12. Ne3 Ne5 13. b3 Neg4 14. Nc2 Ne5 15.
f3 Nc6 16. Be3 a6 17. Qd2 Qc7 18. Rbc1 Qa5 19. b4 Qh5 20. Nd5 Bxd5 21. exd5 Ne5
22. Nd4 Ned7 23. g4 Qh3 24. Rg1 h6 25. Bf2 Ne5 26. Bg3 Nexg4 27. fxg4 Ne4 28.
Qe3 Nxg3+ 29. Rxg3 Qh4 30. Nf3 Qf6 31. Rgg1 Qb2 32. a3 Rfe8 33. c5 dxc5 34.
bxc5 Qa2 35. Rgd1 Qb2 36. Rb1 1-0

[Event "40. Open Ciudad de Sevilla 2015"]
[Site "Sevilla ESP"]
[Date "2015.01.30"]
[Round "7.11"]
[White "Buijs Martin, Urtzi"]
[Black "Sgnaolin, Davide"]
[Result "0-1"]
[WhiteElo "2118"]
[BlackElo "2219"]
[PlyCount "96"]
[EventDate "2015.01.25"]
[EventType "swiss"]
[EventRounds "9"]
[EventCountry "ESP"]
[Source "lmi"]
[SourceDate "2015.01.25"]

1. e4 c5 2. Nc3 Nc6 3. f4 g6 4. Nf3 Bg7 5. Bb5 Nd4 6. O-O a6 7. Bc4 b5 8. Bd5
Rb8 9. d3 e6 10. Bb3 Ne7 11. Nxd4 cxd4 12. Ne2 O-O 13. Bd2 d6 14. Qe1 Nc6 15.
Qf2 Kh8 16. f5 exf5 17. Ng3 fxe4 18. Nxe4 f5 19. Ng5 Ne5 20. c3 Qf6 21. Qxd4
Bd7 22. Rae1 h6 23. Qh4 Nxd3 24. Re3 Ne5 25. Bd5 f4 26. Rff3 Qxg5 27. Qxg5 hxg5
28. Rh3+ Bxh3 29. Rxh3+ Bh6 30. Rxh6+ Kg7 31. Rh3 Nd7 32. c4 bxc4 33. Ra3 Ne5
34. Bc3 Rb6 35. Bd4 Rb5 36. Bc6 Rbb8 37. Rxa6 Rfd8 38. Ra7+ Kh6 39. Bd5 g4 40.
Kf2 Rd7 41. Rxd7 Nxd7 42. Bxc4 Nc5 43. a3 Re8 44. Bb5 Ne4+ 45. Kg1 Rc8 46. Kf1
d5 47. Ke2 Rc2+ 48. Kd3 Rd2# 0-1

[Event "40. Open Ciudad de Sevilla 2015"]
[Site "Sevilla ESP"]
[Date "2015.01.30"]
[Round "7.12"]
[White "Vela Ignacio, Jose Manuel"]
[Black "Medina Carrasco, Santiago"]
[Result "1/2-1/2"]
[WhiteElo "1979"]
[BlackElo "2200"]
[PlyCount "105"]
[EventDate "2015.01.25"]
[EventType "swiss"]
[EventRounds "9"]
[EventCountry "ESP"]
[Source "lmi"]
[SourceDate "2015.01.25"]

1. e4 c5 2. Nf3 e6 3. d3 g6 4. g3 Bg7 5. Bg2 Nc6 6. O-O Nge7 7. Nbd2 O-O 8. Re1
d6 9. Nf1 h6 10. c3 e5 11. Ne3 Be6 12. Nh4 Qd7 13. f4 exf4 14. gxf4 f5 15. Rf1
Kh7 16. Bd2 Rad8 17. Qe1 d5 18. exf5 gxf5 19. Nc2 Rde8 20. Qf2 Bf6 21. Kh1 Rg8
22. Bf3 Bf7 23. Rg1 b5 24. a3 Na5 25. Rxg8 Rxg8 26. Rg1 Rxg1+ 27. Kxg1 Nb3 28.
Be1 d4 29. Qe2 dxc3 30. Bxc3 Nc1 31. Qe3 Bxc3 32. bxc3 Nxd3 33. Be2 Bc4 34. Qg3
Qd6 35. Ne3 Nxf4 36. Bxc4 bxc4 37. Qf3 Qe5 38. Kf1 Nfd5 39. Nhxf5 Nxf5 40.
Qxf5+ Qxf5+ 41. Nxf5 Nxc3 42. Nd6 Kg6 43. Nxc4 Kf5 44. Ne3+ Kf4 45. Kf2 h5 46.
h3 Ne4+ 47. Ke2 Kg3 48. Nf5+ Kxh3 49. Kd3 Ng3 50. Ne3 h4 51. Kc4 Ne4 52. Kd5
Nc3+ 53. Kxc5 1/2-1/2

[Event "40. Open Ciudad de Sevilla 2015"]
[Site "Sevilla ESP"]
[Date "2015.01.30"]
[Round "7.13"]
[White "Carrabeo Garcia, Manuel"]
[Black "De Dios Ortega, Juan Manuel"]
[Result "1-0"]
[WhiteElo "2160"]
[BlackElo "2004"]
[PlyCount "115"]
[EventDate "2015.01.25"]
[EventType "swiss"]
[EventRounds "9"]
[EventCountry "ESP"]
[Source "lmi"]
[SourceDate "2015.01.25"]

1. d4 d6 2. c4 e5 3. Nf3 Nd7 4. Nc3 Ngf6 5. Bg5 Be7 6. Qc2 c6 7. e3 h6 8. Bh4
Nh5 9. Bxe7 Qxe7 10. O-O-O Nhf6 11. Bd3 O-O 12. g4 Re8 13. g5 e4 14. gxf6 exd3
15. Qxd3 Nxf6 16. Nd2 a6 17. e4 b5 18. f3 bxc4 19. Nxc4 Be6 20. Rhg1 Nh5 21.
Qe3 Bxc4 22. Qxh6 Qf6 23. Qxh5 Rab8 24. Rg2 Qf4+ 25. Kb1 Qe3 26. Qg5 Qxg5 27.
Rxg5 f6 28. Rg3 Kf7 29. Rdg1 Rg8 30. Kc2 Be6 31. b3 d5 32. Na4 Rbe8 33. Nc5
dxe4 34. fxe4 a5 35. Rg6 f5 36. Nxe6 Rxe6 37. exf5 Re2+ 38. Kc3 Rxh2 39. f6
Rxa2 40. fxg7 a4 41. b4 Rf2 42. Rxc6 Rf3+ 43. Kc4 a3 44. Rc7+ Kf6 45. Rg2 Rf1
46. Kb3 Rf3+ 47. Ka2 Rd3 48. Ra7 Ke6 49. Rxa3 Rxd4 50. Rf3 Ra8+ 51. Kb3 Rdd8
52. Re2+ Kd6 53. Rd3+ Kc6 54. Rxd8 Rxd8 55. Rg2 Rg8 56. Kc4 Kb6 57. Kd5 Kb5 58.
Ke6 1-0

[Event "40. Open Ciudad de Sevilla 2015"]
[Site "Sevilla ESP"]
[Date "2015.01.30"]
[Round "7.14"]
[White "Aranaz Portugues, Jose Carlos"]
[Black "Mcmahon, Daire"]
[Result "1-0"]
[WhiteElo "2106"]
[BlackElo "2147"]
[PlyCount "59"]
[EventDate "2015.01.25"]
[EventType "swiss"]
[EventRounds "9"]
[EventCountry "ESP"]
[Source "lmi"]
[SourceDate "2015.01.25"]

1. d4 d5 2. c4 e6 3. Nc3 Nf6 4. cxd5 exd5 5. Bg5 Be7 6. e3 c6 7. Bd3 Nbd7 8.
Nge2 h6 9. Bh4 Nh5 10. Bxe7 Qxe7 11. g4 Nhf6 12. Ng3 Nb6 13. h3 Be6 14. Nf5 Qf8
15. Qf3 g6 16. Nh4 Qg7 17. Qg3 Nc4 18. Rb1 Qf8 19. b3 Qb4 20. Rc1 Nb2 21. Bb1
Ne4 22. Bxe4 dxe4 23. O-O Nd3 24. Rc2 Bd5 25. f3 exf3 26. Nxf3 Qe7 27. e4 Bxe4
28. Re2 f5 29. Nxe4 fxe4 30. Nd2 1-0

[Event "40. Open Ciudad de Sevilla 2015"]
[Site "Sevilla ESP"]
[Date "2015.01.30"]
[Round "7.15"]
[White "Barrero Garcia, Carlos"]
[Black "Sanchez Del Prado, Manuel"]
[Result "1-0"]
[WhiteElo "2360"]
[BlackElo "1989"]
[PlyCount "89"]
[EventDate "2015.01.25"]
[EventType "swiss"]
[EventRounds "9"]
[EventCountry "ESP"]
[Source "lmi"]
[SourceDate "2015.01.25"]

1. c4 c5 2. Nc3 Nf6 3. g3 Nc6 4. Bg2 e6 5. Nf3 d5 6. cxd5 exd5 7. d4 Be7 8. O-O
O-O 9. dxc5 Bxc5 10. Bg5 Be6 11. Rc1 Be7 12. Nd4 Qb6 13. Nb3 d4 14. Na4 Qb5 15.
Nac5 Bxb3 16. Qxb3 Qxb3 17. Nxb3 h6 18. Bxf6 Bxf6 19. Bxc6 bxc6 20. Rxc6 Rfe8
21. Rc2 a5 22. Nc1 Rac8 23. Rxc8 Rxc8 24. Nd3 Rc2 25. Re1 a4 26. a3 Bd8 27. Kf1
f6 28. Rc1 Rxc1+ 29. Nxc1 Kf7 30. Ke1 Ke6 31. Kd2 Kd5 32. Kd3 Bb6 33. b3 axb3
34. Nxb3 f5 35. a4 g6 36. h3 h5 37. h4 Ke5 38. a5 Ba7 39. Nd2 Kd5 40. Nf3 Bc5
41. Ne1 Bb4 42. a6 Bc5 43. Ng2 Ke5 44. Kc4 Ba7 45. Nf4 1-0

[Event "40. Open Ciudad de Sevilla 2015"]
[Site "Sevilla ESP"]
[Date "2015.01.30"]
[Round "7.16"]
[White "Gentes Benito, Mauricio"]
[Black "Blechzin, Igor"]
[Result "0-1"]
[WhiteElo "1964"]
[BlackElo "2357"]
[PlyCount "53"]
[EventDate "2015.01.25"]
[EventType "swiss"]
[EventRounds "9"]
[EventCountry "ESP"]
[Source "lmi"]
[SourceDate "2015.01.25"]

1. e4 c5 2. Nf3 a6 3. c4 e6 4. d4 cxd4 5. Nxd4 Qc7 6. Bd3 Nf6 7. O-O Nc6 8.
Nxc6 bxc6 9. Qe2 e5 10. Be3 d6 11. c5 d5 12. exd5 Nxd5 13. Bc4 Be7 14. Nd2 O-O
15. Ne4 Kh8 16. Bg5 f6 17. Bh4 Nf4 18. Qe3 Ng6 19. g3 Bf5 20. Bd3 Rfd8 21. Rfd1
Rd4 22. Nd6 Bxd3 23. Rxd3 Bxd6 24. cxd6 Qxd6 25. Rc3 Qd5 26. Rac1 Nxh4 27. gxh4
0-1

[Event "40. Open Ciudad de Sevilla 2015"]
[Site "Sevilla ESP"]
[Date "2015.01.30"]
[Round "7.17"]
[White "Diaz Castro, Sergio"]
[Black "Martin Rengel, Jose Maria"]
[Result "0-1"]
[WhiteElo "2255"]
[BlackElo "1970"]
[PlyCount "70"]
[EventDate "2015.01.25"]
[EventType "swiss"]
[EventRounds "9"]
[EventCountry "ESP"]
[Source "lmi"]
[SourceDate "2015.01.25"]

1. Nf3 Nf6 2. g3 g6 3. Bg2 Bg7 4. O-O O-O 5. d4 d5 6. c4 c6 7. Nc3 Nbd7 8. cxd5
cxd5 9. Qb3 e6 10. Bf4 Nb6 11. Nb5 Ne8 12. Qb4 Bd7 13. a4 Bxb5 14. axb5 Nc4 15.
b3 Ncd6 16. b6 a6 17. Rfc1 Nb5 18. Bc7 Nexc7 19. bxc7 Qd7 20. Rc2 Qc8 21. e3
Na7 22. Qb6 Re8 23. Bf1 e5 24. dxe5 Bxe5 25. Nxe5 Rxe5 26. Ra4 Re6 27. Qd4 Nc6
28. Qxd5 Qxc7 29. Bg2 Rd8 30. Qc5 Rd1+ 31. Bf1 Qd7 32. Rf4 Qd3 33. Qc4 Rxf1+
34. Kg2 Qxc4 35. Rfxc4 Rb1 0-1

[Event "40. Open Ciudad de Sevilla 2015"]
[Site "Sevilla ESP"]
[Date "2015.01.30"]
[Round "7.18"]
[White "Perez Garcia, Roberto"]
[Black "Morillo-velarde Gallego, Anton"]
[Result "1-0"]
[WhiteElo "2128"]
[BlackElo "1960"]
[PlyCount "56"]
[EventDate "2015.01.25"]
[EventType "swiss"]
[EventRounds "9"]
[EventCountry "ESP"]
[Source "lmi"]
[SourceDate "2015.01.25"]

1. d4 Nf6 2. Bg5 d5 3. e3 Bg4 4. f3 Bh5 5. c4 e6 6. Nc3 Be7 7. Bxf6 Bxf6 8.
cxd5 exd5 9. Qb3 Nd7 10. Nxd5 Qc8 11. Ne2 Bh4+ 12. Ng3 O-O 13. Be2 Kh8 14. O-O
Bg6 15. Nf4 c6 16. Nxg6+ fxg6 17. Ne4 Be7 18. Rad1 Nb6 19. Nc3 Qc7 20. Bd3 Rad8
21. Be4 Rfe8 22. f4 Bf6 23. Rf3 g5 24. Rh3 h6 25. Bb1 Re7 26. Qc2 Kg8 27. Qg6
gxf4 28. Rxh6 fxe3 1-0

[Event "40. Open Ciudad de Sevilla 2015"]
[Site "Sevilla ESP"]
[Date "2015.01.30"]
[Round "7.19"]
[White "Muñoz Mesa, Miguel Angel"]
[Black "Ballon, Guenther"]
[Result "1-0"]
[WhiteElo "1863"]
[BlackElo "2105"]
[PlyCount "73"]
[EventDate "2015.01.25"]
[EventType "swiss"]
[EventRounds "9"]
[EventCountry "ESP"]
[Source "lmi"]
[SourceDate "2015.01.25"]

1. e4 c5 2. Nc3 Nc6 3. g3 g6 4. Bg2 Bg7 5. d3 d6 6. Nf3 e5 7. O-O Nge7 8. Bg5
h6 9. Be3 O-O 10. Qd2 Kh7 11. Nh4 g5 12. Nf3 f5 13. exf5 Nxf5 14. Qe2 g4 15.
Ne1 Nxe3 16. Qxe3 Be6 17. Nd5 Qd7 18. c3 Qf7 19. Qe4+ Bf5 20. Qe2 Be6 21. Ne3
Qd7 22. c4 Nd4 23. Qd1 Rae8 24. a4 Bf6 25. Nd5 Bg5 26. Be4+ Kg7 27. f3 gxf3 28.
Nxf3 Bg4 29. h4 Bd8 30. Ne3 Be6 31. Nxd4 exd4 32. Nf5+ Rxf5 33. Bxf5 Bxf5 34.
Qf3 Bh3 35. Rf2 Be7 36. Qf7+ Kh8 37. Re1 1-0

[Event "40. Open Ciudad de Sevilla 2015"]
[Site "Sevilla ESP"]
[Date "2015.01.30"]
[Round "7.20"]
[White "Cross, Dominic"]
[Black "Espejo Montagut, Jonathan"]
[Result "0-1"]
[WhiteElo "1944"]
[BlackElo "2101"]
[PlyCount "102"]
[EventDate "2015.01.25"]
[EventType "swiss"]
[EventRounds "9"]
[EventCountry "ESP"]
[Source "lmi"]
[SourceDate "2015.01.25"]

1. d4 e6 2. e4 d5 3. e5 c5 4. c3 Nc6 5. Nf3 Qb6 6. Bd3 Bd7 7. O-O cxd4 8. cxd4
Nxd4 9. Nxd4 Qxd4 10. Qe2 Ne7 11. Kh1 Nc6 12. f4 Bc5 13. a3 Bb6 14. Nc3 Na5 15.
Nb5 Bxb5 16. Bxb5+ Nc6 17. f5 exf5 18. e6 O-O 19. exf7+ Rxf7 20. Bf4 Qf6 21.
Rad1 Nd4 22. Qd3 Re7 23. Ba4 Rc8 24. Bb3 Nxb3 25. Qxb3 Qe6 26. Qxd5 Qxd5 27.
Rxd5 g6 28. Rd2 Rce8 29. h3 Re2 30. Rfd1 Rxd2 31. Rxd2 Rd8 32. Rxd8+ Bxd8 33.
g4 fxg4 34. hxg4 Kf7 35. Kg2 Ke6 36. Kf3 Kd5 37. Ke3 h5 38. gxh5 gxh5 39. Kd3
Bf6 40. b3 h4 41. Ke3 Be5 42. Bg5 h3 43. Kf3 Kd4 44. Be3+ Kc3 45. Bxa7 Kxb3 46.
Bc5 b5 47. Be7 Kc4 48. Bf8 Bd4 49. Kg3 Bc5 50. a4 bxa4 51. Bg7 a3 0-1

[Event "40. Open Ciudad de Sevilla 2015"]
[Site "Sevilla ESP"]
[Date "2015.01.31"]
[Round "8.2"]
[White "Perez Mitjans, Orelvis"]
[Black "Fernandez Romero, Ernesto"]
[Result "1/2-1/2"]
[WhiteElo "2463"]
[BlackElo "2483"]
[PlyCount "30"]
[EventDate "2015.01.25"]
[EventType "swiss"]
[EventRounds "9"]
[EventCountry "ESP"]
[Source "lmi"]
[SourceDate "2015.01.25"]

1. e4 e6 2. d4 d5 3. Nc3 Bb4 4. e5 Ne7 5. a3 Bxc3+ 6. bxc3 c5 7. Nf3 Nbc6 8.
Bd3 Qa5 9. O-O c4 10. Be2 Qxc3 11. Bd2 Qb2 12. Rb1 Qxa3 13. Ra1 Qb2 14. Rb1 Qa3
15. Ra1 Qb2 1/2-1/2

[Event "40. Open Ciudad de Sevilla 2015"]
[Site "Sevilla ESP"]
[Date "2015.01.31"]
[Round "8.3"]
[White "Gavilan Diaz, Mario"]
[Black "Stopa, Jacek"]
[Result "0-1"]
[WhiteElo "2250"]
[BlackElo "2531"]
[PlyCount "88"]
[EventDate "2015.01.25"]
[EventType "swiss"]
[EventRounds "9"]
[EventCountry "ESP"]
[Source "lmi"]
[SourceDate "2015.01.25"]

1. e4 e5 2. Nf3 Nc6 3. Bb5 a6 4. Ba4 Nge7 5. Nc3 g6 6. d4 exd4 7. Nd5 Nxd5 8.
exd5 Qe7+ 9. Kf1 Ne5 10. Bg5 f6 11. Bh4 Bg7 12. Nxd4 O-O 13. Bb3 Kh8 14. Qe2 c5
15. dxc6 dxc6 16. h3 a5 17. a3 a4 18. Ba2 b6 19. Kg1 g5 20. Bg3 c5 21. Bd5 Ra7
22. Nb5 Rd7 23. c4 Rxd5 24. cxd5 Ba6 25. b3 axb3 26. Rb1 Qd7 27. a4 Qxd5 28.
Kh2 Nc6 29. Rhd1 Nd4 30. Qe7 Bxb5 31. axb5 f5 32. f4 gxf4 33. Bxf4 Qe4 34. Qxe4
fxe4 35. Be3 Nc2 36. Bg1 e3 37. Bxe3 Nxe3 38. Rd3 Be5+ 39. Kh1 Bd4 40. Rdxb3 c4
41. Rb4 Bc5 42. Ra4 c3 43. Re1 c2 44. Ra2 Rd8 0-1

[Event "40. Open Ciudad de Sevilla 2015"]
[Site "Sevilla ESP"]
[Date "2015.01.31"]
[Round "8.5"]
[White "Lalic, Bogdan"]
[Black "Granero Roca, Antonio"]
[Result "1/2-1/2"]
[WhiteElo "2482"]
[BlackElo "2404"]
[PlyCount "51"]
[EventDate "2015.01.25"]
[EventType "swiss"]
[EventRounds "9"]
[EventCountry "ESP"]
[Source "lmi"]
[SourceDate "2015.01.25"]

1. d4 Nf6 2. c4 e6 3. g3 Bb4+ 4. Nd2 Ne4 5. Bg2 Bxd2+ 6. Bxd2 Nxd2 7. Qxd2 d6
8. Nf3 O-O 9. O-O Nd7 10. e4 e5 11. Rad1 Qe7 12. h3 a5 13. Kh2 Re8 14. Nh4 exd4
15. Nf3 Qf6 16. Nxd4 Nc5 17. Nb5 Qd8 18. Rfe1 Bd7 19. Nc3 Bc6 20. b3 Qf6 21.
Re3 g6 22. Rde1 Re7 23. f4 Rae8 24. h4 h6 25. Kg1 Qg7 26. R1e2 1/2-1/2

[Event "40. Open Ciudad de Sevilla 2015"]
[Site "Sevilla ESP"]
[Date "2015.01.31"]
[Round "8.6"]
[White "Krysa, Leandro"]
[Black "Lopez Gonzalez, Daniel"]
[Result "1-0"]
[WhiteElo "2457"]
[BlackElo "2238"]
[PlyCount "49"]
[EventDate "2015.01.25"]
[EventType "swiss"]
[EventRounds "9"]
[EventCountry "ESP"]
[Source "lmi"]
[SourceDate "2015.01.25"]

1. d4 e6 2. c4 Bb4+ 3. Nd2 Nf6 4. a3 Be7 5. e4 d5 6. e5 Nfd7 7. Qg4 O-O 8. Ndf3
f5 9. Qg3 Kh8 10. Nh3 dxc4 11. Bxc4 Nb6 12. Ba2 Nd5 13. Nf4 c6 14. O-O Na6 15.
Bxd5 cxd5 16. Ng6+ hxg6 17. Bg5 Rf6 18. exf6 gxf6 19. Ne5 fxg5 20. Nf7+ Kg7 21.
Nxd8 Bxd8 22. Rac1 f4 23. Qb3 Bb6 24. a4 Kf6 25. Qb5 1-0

[Event "40. Open Ciudad de Sevilla 2015"]
[Site "Sevilla ESP"]
[Date "2015.01.31"]
[Round "8.8"]
[White "Leite, Catarina"]
[Black "Starostits, Ilmars"]
[Result "0-1"]
[WhiteElo "2136"]
[BlackElo "2441"]
[PlyCount "62"]
[EventDate "2015.01.25"]
[EventType "swiss"]
[EventRounds "9"]
[EventCountry "ESP"]
[Source "lmi"]
[SourceDate "2015.01.25"]

1. e4 c5 2. Nf3 d6 3. d4 cxd4 4. Nxd4 Nf6 5. Nc3 g6 6. Be3 Bg7 7. f3 Nc6 8. Qd2
h5 9. O-O-O Bd7 10. Bc4 Na5 11. Bb3 Nxb3+ 12. cxb3 a5 13. Kb1 a4 14. bxa4 Bxa4
15. Nxa4 Rxa4 16. Nb5 O-O 17. e5 Nd7 18. exd6 exd6 19. Nxd6 Ne5 20. b3 Ra6 21.
Ne4 Qc8 22. Rc1 Qf5 23. Rhd1 Rfa8 24. Rc2 Nc6 25. Bh6 Be5 26. Qg5 Qxg5 27. Bxg5
Nb4 28. Rcd2 Rxa2 29. Rxa2 Rxa2 30. Nf6+ Kg7 31. Ne8+ Kf8 0-1

[Event "40. Open Ciudad de Sevilla 2015"]
[Site "Sevilla ESP"]
[Date "2015.01.31"]
[Round "8.9"]
[White "Carrabeo Garcia, Manuel"]
[Black "Barrero Garcia, Carlos"]
[Result "1/2-1/2"]
[WhiteElo "2160"]
[BlackElo "2360"]
[PlyCount "28"]
[EventDate "2015.01.25"]
[EventType "swiss"]
[EventRounds "9"]
[EventCountry "ESP"]
[Source "lmi"]
[SourceDate "2015.01.25"]

1. d4 Nf6 2. c4 c5 3. d5 e6 4. Nc3 exd5 5. cxd5 Bd6 6. Nf3 O-O 7. Bg5 Re8 8. e3
a6 9. a4 Bc7 10. Bd3 d6 11. h3 Nbd7 12. O-O h6 13. Bh4 Nf8 14. Qc2 g5 1/2-1/2

[Event "40. Open Ciudad de Sevilla 2015"]
[Site "Sevilla ESP"]
[Date "2015.01.31"]
[Round "8.10"]
[White "Blechzin, Igor"]
[Black "Felizes, Paulo"]
[Result "1-0"]
[WhiteElo "2357"]
[BlackElo "2055"]
[PlyCount "73"]
[EventDate "2015.01.25"]
[EventType "swiss"]
[EventRounds "9"]
[EventCountry "ESP"]
[Source "lmi"]
[SourceDate "2015.01.25"]

1. c4 Nf6 2. Nc3 c5 3. Nf3 d5 4. cxd5 Nxd5 5. d4 cxd4 6. Nxd5 Qxd5 7. Qxd4 Qxd4
8. Nxd4 e5 9. Nb5 Bb4+ 10. Bd2 Bxd2+ 11. Kxd2 Na6 12. e4 O-O 13. Bc4 Bd7 14.
Nd6 Bc6 15. Ke3 Nc7 16. Rac1 g6 17. Bb3 Na6 18. Rhd1 Kg7 19. Bd5 Bxd5 20. Rxd5
Rfd8 21. Rcd1 Kf6 22. Nxb7 Rxd5 23. Rxd5 Nb4 24. Ra5 Nc2+ 25. Kd2 Nd4 26. Kd3
Ke6 27. Rd5 Rc8 28. Nc5+ Ke7 29. Rxe5+ Ne6 30. Nxe6 fxe6 31. Ra5 Rc7 32. Ra6
Rd7+ 33. Ke3 Kf6 34. h4 Rb7 35. b3 Rc7 36. g4 h6 37. f4 1-0

[Event "40. Open Ciudad de Sevilla 2015"]
[Site "Sevilla ESP"]
[Date "2015.01.31"]
[Round "8.11"]
[White "Arroyo Rodriguez, Jesus"]
[Black "Naranjo Moreno, Antonio"]
[Result "0-1"]
[WhiteElo "2040"]
[BlackElo "2285"]
[PlyCount "116"]
[EventDate "2015.01.25"]
[EventType "swiss"]
[EventRounds "9"]
[EventCountry "ESP"]
[Source "lmi"]
[SourceDate "2015.01.25"]

1. e4 e5 2. Nf3 Nc6 3. Nc3 Nf6 4. d4 exd4 5. Nxd4 Bb4 6. Nxc6 bxc6 7. Bd3 O-O
8. O-O Re8 9. Qf3 Bd6 10. Ne2 Be5 11. h3 Rb8 12. c3 d5 13. exd5 Qxd5 14. Qxd5
cxd5 15. Rb1 c5 16. Bf4 Bxf4 17. Nxf4 c4 18. Be2 g5 19. Nh5 Nxh5 20. Bxh5 Bf5
21. Rbd1 Bd3 22. Rfe1 Rxe1+ 23. Rxe1 Rxb2 24. Re7 d4 25. Bxf7+ Kf8 26. Rc7 dxc3
27. Bxc4 c2 28. Bxd3 Rb1+ 29. Kh2 c1=Q 30. Rxc1 Rxc1 31. f3 h6 32. Kg3 Rd1 33.
Be4 Rd2 34. a4 Kg7 35. Bc6 Rc2 36. Bb7 a5 37. Ba6 Ra2 38. Bb5 Kg6 39. Bc6 Kf5
40. Be8 Ke5 41. Bb5 Rb2 42. Be8 Rb4 43. Bd7 h5 44. h4 Rxh4 45. Be8 Rb4 46. Bd7
Rb2 47. Be8 h4+ 48. Kh3 Kf4 49. Bd7 Rb1 50. Kh2 Ra1 51. Bc6 Rc1 52. Bd5 Rd1 53.
Bc6 Ra1 54. Bd7 Ke3 55. Bc6 Kf2 56. Kh3 Rg1 57. f4 gxf4 58. Kg4 Rxg2+ 0-1

[Event "40. Open Ciudad de Sevilla 2015"]
[Site "Sevilla ESP"]
[Date "2015.01.31"]
[Round "8.12"]
[White "Medina Carrasco, Santiago"]
[Black "Diaz Castro, Ismael"]
[Result "1/2-1/2"]
[WhiteElo "2200"]
[BlackElo "2006"]
[PlyCount "96"]
[EventDate "2015.01.25"]
[EventType "swiss"]
[EventRounds "9"]
[EventCountry "ESP"]
[Source "lmi"]
[SourceDate "2015.01.25"]

1. Nf3 g6 2. g3 Bg7 3. Bg2 Nf6 4. O-O O-O 5. d4 d6 6. c4 Nc6 7. Nc3 e5 8. dxe5
dxe5 9. Bg5 Be6 10. Qa4 h6 11. Rfd1 Qe7 12. Nd5 Bxd5 13. cxd5 Nd4 14. Nxd4 exd4
15. Bd2 Qxe2 16. Qxd4 Ng4 17. Qf4 Bxb2 18. Rab1 Be5 19. Qf3 Qxf3 20. Bxf3 h5
21. Rxb7 Rfb8 22. Rdb1 Rxb7 23. Rxb7 Bd4 24. Bxg4 hxg4 25. Rxc7 Rd8 26. Be3
Bxe3 27. fxe3 Rxd5 28. Rxa7 Rd3 29. Kf2 Rd2+ 30. Kf1 Rxh2 31. a4 Ra2 32. a5 Kf8
33. a6 Ke8 34. Ra8+ Kd7 35. a7 Kc6 36. Rc8+ Kb7 37. Rf8 f5 38. Rf7+ Ka8 39. Rf6
Kxa7 40. Rxg6 Ra5 41. Rg5 Re5 42. e4 Rxe4 43. Rxf5 Kb6 44. Rf4 Rxf4+ 45. gxf4
Kc6 46. Kf2 Kd6 47. Kg3 Ke6 48. Kxg4 Kf6 1/2-1/2